[Event "Tolima Departamenl Amateur-ch"]
[Site "Tolima"]
[Date "2020.01.09"]
[Round "4"]
[White "Cely, Jairo Batuel"]
[Black "Perez Reinosa, Dubier"]
[Result "1-0"]
[WhiteElo "1850"]
[BlackElo "1600"]
[PlyCount "76"]
[EventDate "2020.01.07"]
[EventType "swiss"]
[EventRounds "5"]
[EventCountry "COL"]
[SourceTitle "CBM 195 Extra"]
[Source "ChessBase"]
[SourceDate "2020.05.31"]
[SourceVersion "1"]
[SourceVersionDate "2020.05.31"]
[SourceQuality "1"]

1. d4 Nf6 2. Bf4 e6 3. e3 d5 4. Bd3 c5 5. c3 Nc6 6. Nd2 c4 7. Bb1 g6 8. Bg5 Bg7 9. f4 Qc7 10. Bxf6 Bxf6 11. Ngf3 0-0 12. g4 b5 13. h4 h6 14. h5 Kg7 15. Qc2 Be7 16. Ne5 Nxe5 17. dxe5 Qd8 18. Nf3 Bc5 19. Ke2 Qb6 20. Nd4 b4 21. hxg6 f6 22. exf6+ Rxf6 23. g5 hxg5 24. fxg5 Rf8 25. Rh7+ Kg8 26. g7 Rf5 27. Nxf5 exf5 28. Rh6 Qc7 29. cxb4 Bb6 30. Qc3 Qxg7 31. Qxg7+ Kxg7 32. Bc2 Bd8 33. Rg1 Rb8 34. Rc6 Bb7 35. Rd6 Kg8 36. Bxf5 Be7 37. Rd7 Bxb4 38. Be6+ Kf8 1-0

[Event "Tolima Departamenl Amateur-ch"]
[Site "Tolima"]
[Date "2020.01.08"]
[Round "2"]
[White "Cely, Jairo Batuel"]
[Black "Gomez Viana, Duvan Leandro"]
[Result "0-1"]
[WhiteElo "1850"]
[BlackElo "1808"]
[PlyCount "38"]
[EventDate "2020.01.07"]
[EventType "swiss"]
[EventRounds "5"]
[EventCountry "COL"]
[SourceTitle "CBM 195 Extra"]
[Source "ChessBase"]
[SourceDate "2020.05.31"]
[SourceVersion "1"]
[SourceVersionDate "2020.05.31"]
[SourceQuality "1"]

1. d4 Nf6 2. Bf4 e6 3. e3 d5 4. Bd3 Bd6 5. Bg3 0-0 6. Nd2 c5 7. c3 Nc6 8. Ngf3 c4 9. Bb1 b5 10. Ne5 Qc7 11. f4 g6 12. Bh4 Ne8 13. 0-0 b4 14. e4 bxc3 15. bxc3 Qa5 16. Qf3 Bxe5 17. fxe5 Nxd4 18. cxd4 Qxd2 19. Rd1 Qb4 0-1

[Event "Tolima Departamenl Amateur-ch"]
[Site "Tolima"]
[Date "2020.01.08"]
[Round "3"]
[White "Galindo Torres, Jeimy Julissa"]
[Black "Cely, Jairo Batuel"]
[Result "0-1"]
[WhiteElo "1144"]
[BlackElo "1850"]
[PlyCount "86"]
[EventDate "2020.01.07"]
[EventType "swiss"]
[EventRounds "5"]
[EventCountry "COL"]
[SourceTitle "CBM 195 Extra"]
[Source "ChessBase"]
[SourceDate "2020.05.31"]
[SourceVersion "1"]
[SourceVersionDate "2020.05.31"]
[SourceQuality "1"]

1. d4 Nf6 2. Bg5 Ne4 3. h4 c6 4. e3 Nxg5 5. hxg5 Qa5+ 6. Nd2 Qxg5 7. Ngf3 Qa5 8. Bd3 g6 9. c3 Bg7 10. Nc4 Qc7 11. Qe2 d6 12. 0-0-0 Bg4 13. e4 e5 14. dxe5 dxe5 15. Bc2 0-0 16. Ne3 Bxf3 17. Qxf3 Na6 18. Qh3 h6 19. Ng4 h5 20. Ne3 Rfd8 21. g4 Rxd1+ 22. Rxd1 hxg4 23. Nxg4 Nc5 24. Rh1 Qe7 25. Qe3 a5 26. a3 Rd8 27. b4 axb4 28. axb4 Ne6 29. Bb3 Nf4 30. Bc2 Qg5 31. f3 Bf8 32. Kb1 c5 33. bxc5 Rc8 34. Nf2 Rxc5 35. Kb2 Rb5+ 36. Bb3 Bc5 37. Qe1 Bxf2 38. Qf1 Rc5 39. Qd1 Qe7 40. Qd2 Rc8 41. Kc2 Bh4 42. Qh2 Bf6 43. Qg3 Qc7 0-1

[Event "Tolima Departamenl Amateur-ch"]
[Site "Tolima"]
[Date "2020.01.07"]
[Round "1"]
[White "Vanegas Henao, Ricardo Javier"]
[Black "Cely, Jairo Batuel"]
[Result "1/2-1/2"]
[WhiteElo "1927"]
[BlackElo "1850"]
[PlyCount "96"]
[EventDate "2020.01.07"]
[EventType "swiss"]
[EventRounds "5"]
[EventCountry "COL"]
[SourceTitle "CBM 195 Extra"]
[Source "ChessBase"]
[SourceDate "2020.05.31"]
[SourceVersion "1"]
[SourceVersionDate "2020.05.31"]
[SourceQuality "1"]

1. e4 d6 2. d4 Nf6 3. Nc3 g6 4. Be3 c6 5. Qd2 Nbd7 6. Nf3 Qa5 7. Bd3 Ng4 8. Bg5 e5 9. 0-0 Bg7 10. Nb5 Qxd2 11. Nxd6+ Kf8 12. Nxd2 exd4 13. h3 Nge5 14. Be2 f6 15. Bf4 Ke7 16. Nxc8+ Raxc8 17. Nc4 Nc5 18. f3 h6 19. Nxe5 fxe5 20. Bd2 Ne6 21. a4 c5 22. Bc4 g5 23. Ra3 Bf6 24. Rb3 Nd8 25. Ba5 b6 26. Bd2 Nb7 27. Ra1 Nd6 28. Ba6 Rb8 29. Be1 Ke6 30. Rd1 Rh7 31. Bg3 h5 32. Ra3 Rg7 33. Raa1 g4 34. hxg4 hxg4 35. f4 Nxe4 36. Bc4+ Ke7 37. fxe5 Bg5 38. Ra3 Be3+ 39. Rxe3 dxe3 40. Bh4+ Ng5 41. Re1 Rd8 42. Rxe3 Rd4 43. b3 g3 44. Bxg3 Rg4 45. Be1 Ne4 46. Re2 Ng3 47. Re3 Re4 48. Rxe4 Nxe4 1/2-1/2